000
00278nam a22001097a 4500
008
170113b xxu||||| |||| 00| 0 eng d
020
_a
9781451146677
041
_a
eng
080
_2
13TH
_a
618.2
245
_a
TEXTBOOK OF MEDICAL- SURGICAL NURSING
_c
PERRECONE, M.R
942
_2
udc
_c
BK
999
_c
2877
_d
2877